01315cam a22003373a 450000100090000000300040000900500170001300800410003001000170007102000150008803500230010304000230012604200140014905000250016308200200018810000260020824500740023426000440030830000210035244000400037365000490041365500360046270000280049871000670052685600990059385600920069290600450078494200160082999900170084595201150086212963174OSt20140310182232.0010111t20012000nyu 000 1 eng d a 2002585643 a0553487272 a(OCoLC)ocm45702833 aZABcZABdUUCdDLC alccopycat00aPZ 7b.Su968s25 2000 aFICbSu9svj #251 aSuzanne, Jamie.9445510aDrama queen /cwritten by Jamie Suzanne ; created by Francine Pascal. aNew York :bBantam Books,c2001, c2000. a150 p. ;c20 cm. aSweet valley jr. highv#25 918188 0aJunior high school studentsvFiction.918189 7aChildren's stories.2lcsh930121 aPascal, Francine.937672 aCopyright Paperback Collection (Library of Congress)5DLC9705423Contributor biographical informationuhttp://www.loc.gov/catdir/bios/random054/2002585643.html423Publisher descriptionuhttp://www.loc.gov/catdir/description/random0410/2002585643.html a7bcbcccopycatd2encipf20gy-genrareb 2lcccBK-FIC c10919d10919 00102lcc40aLUXbLUXcFICd2013-09-11l0oPZ 7 .Su968s25 2000p11740r2015-02-17 00:00:00t1w2013-09-11yBK